Пропуск в контексте

Региональное управление и территориальное планирование Учебное пособие

Практикум предназначен для проведения практических занятий и семинаров по дисциплине "Региональное управление и территориальное планирование”. Практикум разработан в соответствии со структурой рабочей программы учебной дисциплины и содержит основные определения термины дискуссионные темы задани...

תיאור מלא

שמור ב:
מידע ביבליוגרפי
מחבר ראשי: Родченко В.А
פורמט: Учебное пособие
גישה מקוונת:https://znanium.com/catalog/document?id=415950
https://znanium.com/cover/1896/1896542.jpg
תגים: הוספת תג
אין תגיות, היה/י הראשונ/ה לתייג את הרשומה!
LEADER 02336nam0a2200277 i 4500
001 RU\infra-m\znanium\bibl\1896542
003 https://znanium.com/catalog/document?id=415950
005 20220628000000.0
100 |a 20220628d2022 m y0rusy0150 ca 
101 0 |a rus 
102 |a RU 
200 1 |a Региональное управление и территориальное планирование  |e Учебное пособие  |f Российский университет транспорта (МИИТ) 
210 1 |a Москва  |c Федеральное государственное автономное образовательное учреждение высшего образования «Российский университет транспорта»  |d 2018 
215 |a 22 с. 
330 |a Практикум предназначен для проведения практических занятий и семинаров по дисциплине "Региональное управление и территориальное планирование”. Практикум разработан в соответствии со структурой рабочей программы учебной дисциплины и содержит основные определения термины дискуссионные темы задания и вопросы для самоконтроля и контроля успеваемости обучающихся. 
333 |a ВО - Бакалавриат 
606 |a Экономика. Бухгалтерский учет. Финансы  |x Регионоведение  |2 local 
608 |a Учебное пособие  |2 local 
675 |a 339  |z rus 
686 |a 659  |2 rubbk 
686 |a 38.03.01  |2 okso 
686 |a 38.03.04  |2 okso 
700 1 |a Родченко  |b В.А.  |g Владимир Александрович  |p Российский университет транспорта (МИИТ) 
801 0 |a RU  |b Общество с ограниченной ответственностью «ЗНАНИУМ»  |c 20220627  |2 rusmarc 
856 4 |a znanium.com  |m ebs_support@infra-m.ru  |n НИЦ ИНФРА-М  |u https://znanium.com/catalog/document?id=415950 
856 4 1 |a znanium.com  |d /cover/1896  |f 1896542.jpg  |q image/jpeg  |u https://znanium.com/cover/1896/1896542.jpg